Γρηγορίου Νύσσης : άπαντα τα έργα
Αποθηκεύτηκε σε:
| Κύριος συγγραφέας: | |
|---|---|
| Άλλοι συγγραφείς: | , |
| Μορφή: | Βιβλίο |
| Γλώσσα: | Greek Ancient Greek |
| Δημοσίευση: |
Θεσσαλονίκη :
Πατερικαί Εκδόσεις "Γρηγόριος ο Παλαμάς",
1979-1991
|
| Σειρά: | Έλληνες Πατέρες της Εκκλησίας ;
; 46, 91, 94, 98-101, 103, 107 |
| Θέματα: | |
| Ετικέτες: |
Προσθήκη ετικέτας
Δεν υπάρχουν, Καταχωρήστε ετικέτα πρώτοι!
|
MARC
| LEADER | 00000cam a2200000 i 4500 | ||
|---|---|---|---|
| 001 | 1/40287 | ||
| 008 | 070124m19791991gr | ||| |||| ||gre|| | ||
| 035 | |l 10086797 | ||
| 040 | |a GR-MY-UA |b gre |e aacr | ||
| 041 | 0 | |a gre |a grc | |
| 082 | 0 | |a 270.092 |2 (22) | |
| 100 | 0 | |a Γρηγόριος ο Νύσσης, |d π. 335-π. 394. | |
| 245 | 1 | 0 | |a Γρηγορίου Νύσσης : |b άπαντα τα έργα / |c [Γρηγόριος ο Νύσσης] ; επόπται Παν. Κ. Χρήστου ; επιμεληταί Ελευθ. Γ. Μερετάκης |
| 260 | |a Θεσσαλονίκη : |b Πατερικαί Εκδόσεις "Γρηγόριος ο Παλαμάς", |c 1979-1991 | ||
| 300 | |a 11 τ.; |c 22 εκ. | ||
| 490 | 1 | |a Έλληνες Πατέρες της Εκκλησίας |v ; 46, 91, 94, 98-101, 103, 107 | |
| 505 | 0 | |a Τ.1. Δογματικά Α'. - τ.2. Δογματικά Β'. - τ.3. Κατά Ευνομίου, λόγος Γ'. Αντιρρητικός. - τ.4. Δογματικά Δ'. - τ.5. Ερμηνευτικά Α'. - τ.6. Εις τας επιγραφάς των ψαλμών, εις τον εκκλησιαστήν. - τ.7. Ερμηνευτικά Γ'. - τ.8. Ερμηνευτικά Δ'. - τ.9. Περί παρθενίας. - τ.10. Ομιλίες δογματικές, ομιλίες ηθικές, ομιλίες εορταστικές. - τ.11. Λόγοι εορταστικοί, λόγοι εγκωμιαστικοί, λόγοι επιτάφιοι | |
| 600 | 1 | 0 | |a Γρηγόριος ο Νύσσης |d π. 335-π.394 |x Criticism and interpretation. |
| 650 | 0 | 0 | |a Christian biography. |
| 650 | 0 | 0 | |a Fathers of the church, Greek. |
| 650 | 0 | 0 | |a Apostolic Fathers. |
| 650 | 0 | 0 | |a Theologians |z Greece. |
| 700 | 1 | |a Χρήστου, Παναγιώτης Κ. |4 edt | |
| 700 | 1 | |a Μερετάκης, Ελευθέριος. |4 edt | |
| 830 | 0 | |a Έλληνες Πατέρες της Εκκλησίας ; |v ; 46, 91, 94, 98-101, 103, 107 | |
| 852 | |a INST |b RHODES |c KRI |e 20070124 |h 270.092 ΓΡΗ |p 005400027077 |q 005400027077 |t BK |v τ.9: |y 0 |z τ.9 | ||
| 852 | |a INST |b RHODES |c KRI |e 20070124 |h 270.092 ΓΡΗ |p 005400027079 |q 005400027079 |t BK |v τ.4: |y 0 |z τ.4 | ||
| 852 | |a INST |b RHODES |c KRI |e 20070124 |h 270.092 ΓΡΗ |p 005400027080 |q 005400027080 |t BK |v τ.7: |y 0 |z τ.7 | ||
| 852 | |a INST |b RHODES |c KRI |e 20070124 |h 270.092 ΓΡΗ |p 005400027082 |q 005400027082 |t BK |v τ.10: |y 0 |z τ.10 | ||
| 852 | |a INST |b RHODES |c KRI |e 20070124 |h 270.092 ΓΡΗ |p 005400027083 |q 005400027083 |t BK |v τ.2: |y 0 |z τ.2 | ||
| 852 | |a INST |b RHODES |c KRI |e 20070124 |h 270.092 ΓΡΗ |p 005400027086 |q 005400027086 |t BK |v τ.8: |y 0 |z τ.8 | ||
| 852 | |a INST |b RHODES |c KRI |e 20070124 |h 270.092 ΓΡΗ |p 005400027087 |q 005400027087 |t BK |v τ.5: |y 0 |z τ.5 | ||
| 852 | |a INST |b RHODES |c KRI |e 20070124 |h 270.092 ΓΡΗ |p 005400027090 |q 005400027090 |t BK |v τ.6: |y 0 |z τ.6 | ||
| 852 | |a INST |b RHODES |c KRI |e 20070124 |h 270.092 ΓΡΗ |p 005400027091 |q 005400027091 |t BK |v τ.3: |y 0 |z τ.3 | ||
| 852 | |a INST |b RHODES |c KRI |e 20070124 |h 270.092 ΓΡΗ |p 005400027093 |q 005400027093 |t BK |v τ.1: |y 0 |z τ.1 | ||
| 852 | |a INST |b RHODES |c KRI |e 20070124 |h 270.092 ΓΡΗ |p 005400027096 |q 005400027096 |t BK |v τ.11: |y 0 |z τ.11 | ||
| 853 | |a INST |b RHODES |c KRI |h 270.092 ΓΡΗ | ||
| 901 | |a BIBL4-2007-1 | ||
| 909 | |a Ρ |b 127639 | ||
| 909 | |a Ρ |b 127640 | ||
| 909 | |a Ρ |b 127641 | ||
| 909 | |a Ρ |b 127642 | ||
| 909 | |a Ρ |b 127643 | ||
| 909 | |a Ρ |b 127644 | ||
| 909 | |a Ρ |b 127645 | ||
| 909 | |a Ρ |b 127646 | ||
| 909 | |a Ρ |b 127647 | ||
| 909 | |a Ρ |b 127648 | ||
| 909 | |a Ρ |b 127649 | ||
| 970 | |a Κόζα |b Μαρία |z 2007/01/24 | ||